| 000 | 01041nam a2200241Ia 4500 | ||
|---|---|---|---|
| 003 | OSt | ||
| 005 | 20210901160517.0 | ||
| 008 | 210310s2005 ck abd gr 000 0 spa d | ||
| 040 |
_aCO-JMCR _cCO-JMCR |
||
| 041 | 0 | _aspa | |
| 082 | 0 | 4 |
_a338.6048 / _bD266a _223 |
| 110 | 2 |
_aColombia. _bDepartamento Nacional de Planeación _939882 |
|
| 245 | 1 | 0 |
_aAgenda interna para la productividad y la competitividad : _bresultados del proceso y propuestas iniciales / _cDepartamento Nacional de Planeación |
| 250 | _aSegunda edición | ||
| 260 |
_aBogotá : _bDNP, _c2005. |
||
| 300 |
_a131 páginas : _bilustraciones, gráficas y mapas a color ; _c28 cm. |
||
| 501 | _aCon : notas a pie de página. | ||
| 505 | 0 | _aLas propuestas regionales y sectoriales de agenda interna. -- Prioridades de políticas. -- Ajuste requerido para implementar el TLC. -- Pasos a seguir. | |
| 650 | 1 | 4 |
_aProductividad regional. _939883 |
| 650 | 2 | 4 |
_aPrioridades políticas. _939884 |
| 650 | 2 | 4 |
_aImplementación _xTratado de libre comercio _939885 |
| 942 |
_2ddc _cBK |
||
| 999 |
_c12319 _d12319 |
||